000 00559nam a2200193Ia 4500
008 120814t2002 xxu||||| |||| 00| 0 sin d
041 _asin
080 _a8-31 992 (eng)
_bCOR
100 _aCorbet,Jim
245 _aවනාන්තරයේ කතන්දරය
246 _aWanantharaye Kathandaraya
260 _aSooriya
_aColombo
_c2002
300 _b153p, 21 cm
500 _aSinhalese Translation of Jim Corbet's of Jungle Lore
700 _aKumaradasa J. K.
_etr.
942 _cBK
999 _c40586
_d40586
003 LK-CoDNM
040 _aLK-CoDNM
_dLK-CoDNM
_eLK-CoDNM